Eurovision Finalists since 2009 - No Countries - Statistics

General Stats
  • This quiz has been taken 3 times
  • The average score is 204 of 464
Answer Stats
Song % Correct
1 "1944"
100%
1 "Arcade"
100%
1 "Bangaranga"
100%
4 "Bara Bada Bastu"
100%
1 "Fairytale"
100%
6 "Liekinheitin"
100%
20 "My System"
100%
1 "Only Teardrops"
100%
2 "Rim Tim Tagi Dim"
100%
1 "Rise Like a Phoenix"
100%
1 "Satellite"
100%
1 "Stefania"
100%
1 "Tattoo"
100%
1 "The Code"
100%
1 "Toy"
100%
9 "Unforgettable"
100%
3 "Unicorn"
100%
1 "Zitti e buoni"
100%
23 "Ai coração"
67%
- "All of My Love"
67%
3 "Always"
67%
12 "Always on the Run"
67%
1 "Amar pelos dois"
67%
15 "Andromeda"
67%
6 "Asteromata"
67%
15 "Baller"
67%
7 "Because of You"
67%
18 "Bella"
67%
9 "Bird of Prey"
67%
26 "Blood & Glitter"
67%
13 "Bur Man Laimi"
67%
2 "Calm After the Storm"
67%
21 "Carpe Diem"
67%
12 "C'est La Vie"
67%
2 "Cha Cha Cha"
67%
3 "Choke Me"
67%
- "Cleopatra"
67%
16 "Crossroads"
67%
7 "Dance You Off"
67%
21 "Dancing on the Ice"
67%
21 "Deslocado"
67%
8 "Discoteque"
67%
18 "Dizzy"
67%
6 "Doomsday Blue"
67%
4 "Due vite"
67%
22 "Duje"
67%
4 "Eclipse"
67%
25 "Eins, Zwei, Drei"
67%
16 "El Diablo"
67%
24 "Esa Diva"
67%
3 "Espresso Macchiato"
67%
1 "Euphoria"
67%
DSQ "Europapa"
67%
16 "Évidemment"
67%
10 "Ferto"
67%
13 "Fighter"
67%
23 "Fire"
67%
21 "Firefighter"
67%
7 "Før Vi Går Hjem"
67%
2 "Fuego"
67%
14 "Gaja"
67%
10 "Grito"
67%
23 "Hallucination"
67%
1 "Heroes"
67%
2 "Hold Me"
67%
4 "Hold Me Closer"
67%
16 "Hollow"
67%
5 "Hurricane"
67%
11 "I Can"
67%
5 "I Can't Go On"
67%
11 "Ich Komme"
67%
5 "If I Were Sorry"
67%
5 "In corpore sano"
67%
2 "Is It True?"
67%
8 "Jako"
67%
19 "Jalla"
67%
17 "Kraj Mene"
67%
7 "La Noia"
67%
22 "La Poupee Monte le Son"
67%
21 "La Voix"
67%
15 "Liar"
67%
18 "Lighter"
67%
14 "Luktelk"
67%
7 "Maman"
67%
2 "Michelle"
67%
4 "Mon Amour"
67%
- "Move"
67%
10 "My Sister's Crown"
67%
13 "Nân"
67%
20 "(Nendest) narkootikumidest ei tea me (küll) midagi"
67%
2 "New Day Will Rise"
67%
5 "Per Sempre Sì"
67%
3 "Popular"
67%
12 "Pray"
67%
5 "Queen of Kings"
67%
17 "Ramonda"
67%
11 "Regarde!"
67%
9 "Ridnym"
67%
25 "Roa"
67%
17 "Serving"
67%
17 "Set Me Free"
67%
3 "SloMo"
67%
20 "Snap"
67%
2 "Soldi"
67%
19 "Solo"
67%
22 "Sólo Quiero Más"
67%
2 "Sound of Silence"
67%
2 "Space Man"
67%
20 "Survivor"
67%
24 "Tanzschein"
67%
16 "Tavo Akys"
67%
3 "Teresa & Maria"
67%
5 "Too Late for Love"
67%
26 "Tutta L'Italia"
67%
25 "Ulveham"
67%
3 "Undo"
67%
- "Uno"
67%
23 "Veronika"
67%
8 "Viva, Moldova!"
67%
14 "Voices"
67%
5 "Volevo Essere un Duro"
67%
10 "Voyage"
67%
1 "Wasted Love"
67%
24 "We Will Rave"
67%
19 "What the Hell Just Happened?"
67%
14 "Ya Ya Ya"
67%
14 "You"
67%
11 "Zari"
67%
8 "Zjerm"
67%
22 "Zorra"
67%
4 "10 Years"
33%
13 "Adio"
33%
22 "Adrenalina"
33%
6 "Alcohol Is Free"
33%
- "Alcohol You"
33%
15 "Algo pequeñito"
33%
12 "Allez Ola Olé"
33%
21 "Alter Ego"
33%
21 "Amanecer"
33%
2 "A Million Voices"
33%
8 "A Monster Like Me"
33%
4 "Angel"
33%
17 "Aphrodisiac"
33%
7 "Apricot Stone"
33%
- "Attention"
33%
2 "Beautiful Mess"
33%
10 "Beauty Never Lies"
33%
13 "Believe Again"
33%
19 "Believe in Me"
33%
15 "Be My Guest"
33%
12 "Be My Valentine!"
33%
21 "Better Love"
33%
26 "Bigger than Us"
33%
9 "Birds"
33%
23 "Birth of a New Age"
33%
9 "Bistra voda"
33%
27 "Black Smoke"
33%
14 "Bones"
33%
17 "Boys Do Cry"
33%
12 "Break a Broken Heart"
33%
8 "Bridges"
33%
6 "Brividi"
33%
24 "Butterflies"
33%
14 "Čaroban"
33%
17 "Carry Me in Your Dreams"
33%
19 "C'est ma vie"
33%
- "Chains on You"
33%
14 "Chameleon"
33%
17 "Change"
33%
16 "Cheesecake"
33%
17 "Children of the Universe"
33%
4 "City Lights"
33%
9 "Cliche Love Song"
33%
8 "Color of Your Life"
33%
20 | 23 "Coming Home"
33%
25 "Contigo hasta el final"
33%
13 "Crno i belo"
33%
21 "Da Da Dam"
33%
10 "Dancing in the Rain"
33%
6 "Dark Side"
33%
11 "De diepte"
33%
15 "De la capăt"
33%
8 "Die Together"
33%
26 "Do It for Your Lover"
33%
- "Don't Break Me"
33%
9 "Don't Come Easy"
33%
5 "Drip Drop"
33%
4 "Düm Tek Tek"
33%
17 "Eaea"
33%
22 "Echo"
33%
17 "Ég á líf"
33%
26 "Embers"
33%
- "Empires"
33%
8 "Et s'il fallait le faire"
33%
20 "Et uus saaks alguse"
33%
16 "Face the Shadow"
33%
16 "Fade to Black"
33%
- "Fai rumore"
33%
18 "Fallen Angel"
33%
- "Fall from the Sky"
33%
- "Feker Libi"
33%
22 "Flashlight"
33%
18 "Fly with Me"
33%
11 "Friend of a Friend"
33%
24 "Fulenn"
33%
14 "Future Lover"
33%
16 "Get You"
33%
26 "Ghost"
33%
10 "Give That Wolf a Banana"
33%
21 "Glorious"
33%
9 "Golden Boy"
33%
18 "Goodbye"
33%
7 "Goodbye to Yesterday"
33%
10 "Grab the Moment"
33%
3 "Grande amore"
33%
3 | 21 "Gravity"
33%
- "Grow"
33%
11 "Growing Up Is Getting Old"
33%
18 "Há dias assim"
33%
- "Hasta la vista"
33%
10 "Hatrið mun sigra"
33%
15 "Heartbeat"
33%
6 "Heart of Steel"
33%
14 "Here for You"
33%
3 "Hey Mamma"
33%
9 "Higher Ground"
33%
23 "Home"
33%
13 "Hope"
33%
14 "Hora din Moldova"
33%
12 "Hour of the Wolf"
33%
13 "Hunter of Stars"
33%
22 "Hvala, ne!"
33%
26 "I Am Yours"
33%
25 "I Don't Feel Hate"
33%
4 "I Feed You My Love"
33%
23 "I Feel Alive"
33%
4 "If Love Was a Crime"
33%
17 "I'm Alive"
33%
4 "In a Moment like This"
33%
25 "In Love for a While"
33%
23 "In the Name of Love"
33%
18 "Is It Right"
33%
25 "I Stand"
33%
16 "It's All About You"
33%
23 "It's for You"
33%
13 "It's My Life"
33%
5 "It's My Time"
33%
9 "I've Been Waiting for This Night"
33%
25 "I Wrote a Song"
33%
6 "J'ai cherché"
33%
10 "Jan Jan"
33%
7 "Je me casse"
33%
19 "Je ne sais quoi"
33%
21 "Jezebel"
33%
21 "Karma"
33%
10 "Kedvesem"
33%
18 "Korake ti znam"
33%
18 "Kruna"
33%
17 "Ktheju tokës"
33%
6 "Kuula"
33%
8 "La forza"
33%
16 "La La Love"
33%
21 "La mia città"
33%
9 "L'amore è femmina"
33%
24 "La noche es para mí"
33%
10 "Last Dance"
33%
11 "Lăutar"
33%
22 "La venda"
33%
23 "L'Enfer et moi"
33%
7 "L'essenziale"
33%
6 "Lie to Me"
33%
21 "Life Looks Better in Spring"
33%
23 "Lighthouse"
33%
11 "Lights and Shadows"
33%
22 "Lights Off"
33%
18 "Lijepa Tena"
33%
24 "Like It"
33%
8 "Lipstick"
33%
18 "Llámame"
33%
15 "Loco loco"
33%
13 "Loin d'ici"
33%
18 "Lonely Planet"
33%
25 "Lose Control"
33%
11 "Lost and Forgotten"
33%
23 "Love"
33%
6 "Love Injected"
33%
6 "Love in Rewind"
33%
14 "Love Is Blind"
33%
12 "Love Is Forever"
33%
12 "Love Is on My Side"
33%
12 "Love Kills"
33%
7 "Love Me Back"
33%
7 "LoveWave"
33%
25 "Love Will Set You Free"
33%
14 "Made of Stars"
33%
2 "Madness of Love"
33%
11 "Mall"
33%
13 "Mama ŠČ!"
33%
11 "Mamo"
33%
24 "Marry Me"
33%
20 "Mata Hari"
33%
24 "Maybe"
33%
6 "Me and My Guitar"
33%
23 "Með hækkandi sól"
33%
13 "Mercy"
33%
20 "Midnight Gold"
33%
14 "Milim"
33%
12 | 17 "Miracle"
33%
20 "Miss Kiss Kiss Bang"
33%
19 "Miss You"
33%
19 "Moj svijet"
33%
- "Mon alliée"
33%
25 "Monsters"
33%
26 "Moustache"
33%
13 "My Friend"
33%
20 "My Heart Is Yours"
33%
- "My Last Breath"
33%
10 "My Lucky Day"
33%
14 "My Słowianie"
33%
20 "Never Forget"
33%
15 "Never Give Up on You"
33%
5 "New Tomorrow"
33%
3 "Nije ljubav stvar"
33%
3 "Nobody but You"
33%
16 "No Degree of Separation"
33%
5 "Non mi avete fatto niente"
33%
13 "No One"
33%
15 "No Prejudice"
33%
19 "No Rules!"
33%
4 "Not Alone"
33%
15 "Not the Same"
33%
25 "N'oubliez pas"
33%
19 "Nova deca"
33%
6 "Occidentali's Karma"
33%
26 "O jardim"
33%
11 "O mie"
33%
19 "One Last Breath"
33%
9 "One More Day"
33%
22 "One Thing I Should Have Done"
33%
- "On Fire"
33%
26 "Only Love Survives"
33%
8 "Opa"
33%
8 "Origo"
33%
18 "Outlaw in 'Em"
33%
13 "Ovo je Balkan"
33%
2 "Party for Everybody"
33%
25 "Perfect Life"
33%
19 "Pioneer"
33%
3 "Playing with Fire"
33%
9 "Promise"
33%
7 "Proud"
33%
10 "Quédate conmigo"
33%
23 "Que me quiten lo bailao"
33%
6 "Rändajad"
33%
13 "Replay"
33%
12 "Requiem"
33%
4 "Rhythm Inside"
33%
20 "Rise Up"
33%
12 "River"
33%
24 "Rockefeller Street"
33%
25 "Rockstars"
33%
16 "Roi"
33%
25 "Round and Round"
33%
22 "Run Away"
33%
5 "Running"
33%
16 "Running on Air"
33%
1 "Running Scared"
33%
9 "Russian Woman"
33%
24 "Samo mi se spava"
33%
9 "Saudade, saudade"
33%
19 "Say Na Na Na"
33%
22 "Say Yay!"
33%
3 "Scream"
33%
15 "Sebi"
33%
14 "Sentimentai"
33%
4 "She Got Me"
33%
7 | 9 "Shine"
33%
23 "Should've Known Better"
33%
5 "Shum"
33%
8 "Silent Storm"
33%
25 "Sister"
33%
14 "Skeletons"
33%
11 "Slow Down"
33%
18 "Soarele și luna"
33%
15 "Sognu"
33%
16 "Solayoh"
33%
- "Solovey"
33%
12 "So Lucky"
33%
22 "Something"
33%
11 "Something Better"
33%
24 "Sound of Our Hearts"
33%
6 "Spirit in the Sky"
33%
8 "Standing Still"
33%
22 "Start a Fire"
33%
11 | 26 "Stay"
33%
- "Still Breathing"
33%
24 "Still in Love with You"
33%
20 | 24 "Storm"
33%
17 "Story of My Life"
33%
13 "Sugar"
33%
- "Supergirl"
33%
5 "Suus"
33%
10 "Sweet People"
33%
10 "Taken by a Stranger"
33%
- "Tears Getting Sober"
33%
15 "That's How You Write a Song"
33%
25 "That Sounds Good to Me"
33%
19 "The Balkan Girls"
33%
16 "There Must Be Another Way"
33%
18 "The Secret Is Love"
33%
19 "The Wrong Place"
33%
- "Think About Things"
33%
19 "This Is Love"
33%
7 "This Is Our Night"
33%
21 "This Is the Night"
33%
18 "This Time"
33%
17 "Thunder and Lightning"
33%
6 "Tick-Tock"
33%
24 "Time"
33%
15 "Todas as ruas do amor"
33%
16 "Together"
33%
8 "Tomorrow"
33%
5 "Tonight Again"
33%
3 "Tout l'univers"
33%
7 "Trenulețul"
33%
8 "Truth"
33%
23 "Tu canción"
33%
17 "Under the Ladder"
33%
- "Universo"
33%
- "Violent Thing"
33%
21 "Viszlát nyár"
33%
2 "Voilà"
33%
24 "Voy a quedarme"
33%
12 "Walk on Water"
33%
11 "Warrior"
33%
20 "Wars for Nothing"
33%
7 "Watch My Dance"
33%
15 "Waterfall"
33%
20 "Watergun"
33%
19 "Waterline"
33%
2 "We Could Be the Same"
33%
20 "We Got Love"
33%
22 "What About My Dreams?"
33%
5 "What If"
33%
22 "What If We"
33%
10 "What's the Pressure"
33%
4 "When the Music Dies"
33%
12 "When We're Old"
33%
20 "Where I Am"
33%
15 "Who the Hell Is Edgar?"
33%
- "Yes"
33%
7 "Yodel It!"
33%
3 "You Are the Only One"
33%
4 "You Let Me Walk Alone"
33%
24 "You're Not Alone"
33%
12 "Zaleilah"
33%
9 "Zero Gravity"
33%
- "Répondez-moi"
0%
No matching quizzes found
Score Distribution
Percent of People with Each Score
Percentile by Number Answered
Your Score History
You have not taken this quiz